000 00603nam a22002057a 4500
003 OSt
005 20150428145219.0
008 150428b xxu||||| |||| 00| 0 eng d
020 _a0632027231
040 _cDNLM
082 _aWS 200 J685l 1991
245 _aJolly's Diseases of children /
_cEdited by Malcolm I. Levene
250 _a6th ed.
260 _aLondon:
_bBlackwell Scientific Publications;
_c1991.
300 _axii, 594 p :
_bill;
_c26 cm
504 _aIncludes references and index
610 _aDisease of children
_94258
700 _4Editor
_aLevene Malcolm I.
_9856
942 _2z
_cSLOAN
999 _c1616
_d1616